Normal view
MARC view
- الاحصاء-كتب دراسية -طرق الاحصائية
Entry Topical Term
001 - CONTROL NUMBER
- control field: 32622
003 - CONTROL NUMBER IDENTIFIER
- control field: JO-AjAnu
005 - DATE AND TIME OF LATEST TRANSACTION
- control field: 20230606075500.0
008 - FIXED-LENGTH DATA ELEMENTS
- fixed length control field: 230606|| aca||aabn | a|a d
040 ## - CATALOGING SOURCE
- Original cataloging agency: JO-AjAnu
- Transcribing agency: JO-AjAnu
150 ## - HEADING--TOPICAL TERM
- Topical term or geographic name entry element: الاحصاء-كتب دراسية -طرق الاحصائية
670 ## - SOURCE DATA FOUND
- Source citation: Work cat.: (JO-AjAnu)16759: سالم، كمال سلطان محمد, author 32621, مبادئ علم الإحصاء